El conde Lucanor
Gardado en:
| Autor Principal: | |
|---|---|
| Formato: | Libro |
| Idioma: | Lingua castelá |
| Publicado: |
Zaragoza
Ebro
1953
|
| Edición: | 6a. ed |
| Series: | Biblioteca Clásica Ebro
|
| Subjects: | |
| Tags: |
Engadir etiqueta
Sen Etiquetas, Sexa o primeiro en etiquetar este rexistro!
|
MARC
| LEADER | 00000nam a2200000 a 4500 | ||
|---|---|---|---|
| 001 | UCZ5785 | ||
| 003 | CL-VaPUC | ||
| 008 | 951124e19530000SP |||||||||||||||||spa|d | ||
| 082 | 0 | 4 | |a 863 |b JUA |2 21 |
| 100 | 0 | |a Juan Manuel |e author |9 318804 | |
| 245 | 1 | 3 | |a El conde Lucanor |
| 250 | |a 6a. ed | ||
| 300 | |a 134 p | ||
| 942 | |c BK | ||
| 945 | |d 19951124 00:00:00 |a lriquelm | ||
| 260 | |a Zaragoza |b Ebro |c 1953 | ||
| 650 | 0 | |a Novelas españolas |9 265052 | |
| 650 | 0 | |a Literatura española |9 306261 | |
| 583 | |a last modification |c 19951124 00:00:00 |k Rodrigo Vera | ||
| 490 | 0 | |a Biblioteca Clásica Ebro | |
| 999 | |c 242074 |d 242072 | ||
| 952 | |0 0 |1 0 |4 0 |6 863_000000000000000_JUA_1953 |7 0 |8 A |9 254784 |a BIBEDU |b BIBEDU |c BIBEDU_PB |d 2019-11-19 |i 1577174 |o 863 JUA 1953 |p 1577174 |r 2024-01-25 |w 2019-11-19 |y BK |k FIL | ||